000 01910cam a2200349 a 4500
999 _c126380
_d126380
001 14888563
003 ARRUPE
005 20170412154314.0
008 070612s2008 mau b 001 0aeng
010 _a 2007024714
020 _a9781405147019 (hardcover : alk. paper)
035 _a(OCoLC)ocn145146294
040 _aDLC
_cDLC
_dBAKER
_dBTCTA
_dBWKUK
_dYDXCP
_dIAY
_dHLS
_dDLC
043 _ae-uk-en
050 0 0 _aB3376.W564
_bA4 2008
082 0 0 _a192
_222
100 1 _aWittgenstein, Ludwig,
_d1889-1951.
_929752
245 1 0 _aWittgenstein in Cambridge :
_bletters and documents, 1911-1951 /
_cedited by Brian McGuinness.
250 _a4th.
260 _aOxford :
_bWiley-Blackwell Pub.,
_c2008.
300 _avii, 498 p. ;
_c26 cm.
504 _aIncludes bibliographical references (p. [481]-489) and indexes.
600 1 0 _aWittgenstein, Ludwig,
_d1889-1951
_vCorrespondence.
_929753
650 0 _aPhilosophers
_zEngland
_zCambridge
_vCorrespondence.
_929754
651 0 _aCambridge (England)
_xIntellectual life
_y20th century.
_929755
700 1 _aMcGuinness, Brian.
_929756
_eed.
700 1 _aWittgenstein, Ludwig,
_d1889-1951.
_tCambridge letters.
_929757
906 _a7
_bcbc
_corignew
_d1
_eecip
_f20
_gy-gencatlg
942 _2lcc
_cMONOGRAPH